[Event "2. Bundesliga West 2016/17"]
[Site "Salzburg/Wals"]
[Date "2017.03.05"]
[Round "11"]
[Board "3"]
[White "Neuschmied, Siegfried"]
[Black "Novkovic, Milan"]
[Result "1/2-1/2"]
[WhiteElo "2153"]
[BlackElo "2371"]
[PlyCount "109"]
[EventDate "2016.10.28"]
[EventType "team"]
[EventRounds "11"]
[EventCountry "AUT"]
[WhiteTeam "Kufstein/Woergl"]
[BlackTeam "Dornbirn"]

1. e4 c5 2. Nf3 e6 3. d4 cxd4 4. Nxd4 Nf6 5. Bd3 Nc6 6. Nxc6 dxc6 7. O-O e5 8.
Bg5 h6 9. Bh4 Bc5 10. Nd2 Qe7 11. Kh1 g5 12. Bg3 Kf8 13. Nc4 Nd7 14. Qe2 Kg7
15. c3 a5 16. a4 f6 17. f3 Nf8 18. Bf2 Ne6 19. Bxc5 Qxc5 20. Qe3 Rd8 21. Rfd1
Qxe3 22. Nxe3 Nc5 23. Bc4 Rxd1+ 24. Nxd1 Kf8 25. Ne3 Ke7 26. Kg1 h5 27. Kf1 Bd7
28. Ke2 h4 29. Ra3 Kd6 30. Ra1 Kc7 31. Bf7 Rf8 32. Bc4 Rd8 33. Kf2 Bc8 34. Ke2
Ne6 35. Bxe6 Bxe6 36. Ra3 Kb6 37. Ra1 Kc5 38. Rd1 Rxd1 39. Kxd1 Bb3+ 40. Kd2
Kd6 41. Kd3 Bxa4 42. Nc4+ Kc7 43. Nxa5 b6 44. Nc4 Bb5 45. b3 Kd7 46. Kc2 Bxc4
47. bxc4 Kd6 48. Kb2 Kc5 49. Kb3 b5 50. cxb5 Kxb5 51. c4+ Ka5 52. Ka3 c5 53.
Kb3 Kb6 54. Ka4 Ka6 55. Kb3 1/2-1/2

[Event "2. Bundesliga West 2016/17"]
[Site "Salzburg/Wals"]
[Date "2017.03.05"]
[Round "11"]
[Board "4"]
[White "Schmidlechner, Alexander"]
[Black "Prediger, Ruppert"]
[Result "1/2-1/2"]
[WhiteElo "2201"]
[BlackElo "2203"]
[PlyCount "85"]
[EventDate "2016.10.28"]
[EventType "team"]
[EventRounds "11"]
[EventCountry "AUT"]
[WhiteTeam "Dornbirn"]
[BlackTeam "Kufstein/Woergl"]

1. d4 c5 2. d5 d6 3. e4 g6 4. Nf3 Bg7 5. Be2 Bg4 6. O-O Nf6 7. Nc3 O-O 8. h3
Bd7 9. a4 Na6 10. Bf4 Nb4 11. Nd2 b6 12. Nc4 a6 13. e5 dxe5 14. Bxe5 Bf5 15. d6
Bxc2 16. dxe7 Qxe7 17. Qd6 Qxd6 18. Bxd6 Rfe8 19. Nxb6 Rad8 20. Bxc5 Nd3 21.
Bxd3 Rxd3 22. Ra3 Rdd8 23. Rc1 Bd3 24. Rd1 Ne4 25. Be3 Nxc3 26. bxc3 Be4 27.
Bd4 Bf8 28. Raa1 f5 29. Re1 Bc6 30. Rab1 Bh6 31. a5 f4 32. Nc4 Rxe1+ 33. Rxe1
Bb5 34. Nd2 Kf7 35. Nf3 Re8 36. Rc1 Rc8 37. c4 Bg7 38. Bxg7 Kxg7 39. c5 Kf6 40.
Nd4 Bc6 41. Nxc6 Rxc6 42. Rb1 Ke5 43. Rb7 1/2-1/2

[Event "2. Bundesliga West 2016/17"]
[Site "Salzburg/Wals"]
[Date "2017.03.05"]
[Round "11"]
[Board "5"]
[White "Atzl, Florian"]
[Black "Proyer, Enno"]
[Result "0-1"]
[WhiteElo "1996"]
[BlackElo "2103"]
[PlyCount "48"]
[EventDate "2016.10.28"]
[EventType "team"]
[EventRounds "11"]
[EventCountry "AUT"]
[WhiteTeam "Kufstein/Woergl"]
[BlackTeam "Dornbirn"]

1. e4 e6 2. d4 d5 3. Nd2 Be7 4. Bd3 c5 5. dxc5 Nf6 6. Qe2 Nc6 7. Ngf3 Nb4 8.
Nb3 Nxd3+ 9. cxd3 a5 10. Bg5 h6 11. Bxf6 Bxf6 12. e5 Be7 13. Rc1 a4 14. Nbd2
Qa5 15. Qe3 O-O 16. O-O b6 17. cxb6 Ba6 18. Nb1 Rab8 19. Rc2 Rxb6 20. Nc3 Rfb8
21. Rb1 a3 22. Nd2 Rxb2 23. Rcxb2 Rxb2 24. Rc1 d4 0-1

[Event "2. Bundesliga West 2016/17"]
[Site "Salzburg/Wals"]
[Date "2017.03.05"]
[Round "11"]
[Board "6"]
[White "Busch, Michael"]
[Black "Kranewitter, Norbert"]
[Result "1/2-1/2"]
[WhiteElo "1960"]
[BlackElo "2006"]
[PlyCount "42"]
[EventDate "2016.10.28"]
[EventType "team"]
[EventRounds "11"]
[EventCountry "AUT"]
[WhiteTeam "Dornbirn"]
[BlackTeam "Kufstein/Woergl"]

1. c4 e5 2. g3 Nf6 3. Bg2 Nc6 4. Nc3 Bb4 5. Nd5 O-O 6. Nf3 d6 7. O-O Nxd5 8.
cxd5 Ne7 9. d4 e4 10. Nd2 Bxd2 11. Bxd2 Nxd5 12. Bxe4 Nf6 13. Bg2 d5 14. Re1 c6
15. Bg5 h6 16. Bxf6 Qxf6 17. e3 Bf5 18. Kh1 Bc8 19. Bf3 Bf5 20. Bg2 Bc8 21. Bf3
Bf5 1/2-1/2